Biggest Cities on the Indian Subcontinent - Statistics

General Stats
  • This quiz has been taken 149 times
  • The average score is 13 of 15
Answer Stats
Pop. City % Correct
29,400,000 Delhi
99%
24,700,000 Mumbai
98%
16,600,000 Kolkata
96%
11,000,000 Chennai
95%
11,800,000 Bengaluru
93%
19,500,000 Dhaka
91%
9,850,000 Hyderabad
91%
17,300,000 Karachi
91%
8,250,000 Ahmedabad
88%
12,600,000 Lahore
88%
6,700,000 Pune
79%
4,825,000 Chittagong
71%
4,725,000 Colombo
70%
6,350,000 Surat
70%
3,850,000 Jaipur
68%
No matching quizzes found
Score Distribution
Percent of People with Each Score
Percentile by Number Answered
Your Score History
You have not taken this quiz